Flags with at least 5 different colors - Statistics

General Stats
  • This quiz has been taken 844 times
  • The average score is 15 of 33
Answer Stats
Answer % Correct
South Africa
79%
Seychelles
66%
Mexico
62%
Spain
60%
Andorra
55%
Portugal
54%
Dominica
52%
Zimbabwe
51%
Belize
49%
Vatican City
47%
Ecuador
46%
Moldova
45%
Fiji
44%
Haiti
44%
San Marino
44%
Serbia
43%
Uganda
43%
Mozambique
42%
Nicaragua
42%
Croatia
41%
Guatemala
41%
Comoros
40%
Saint Kitts and Nevis
40%
Central African Republic
39%
Antigua and Barbuda
38%
El Salvador
38%
Namibia
38%
South Sudan
34%
Swaziland
33%
Paraguay
32%
Dominican republic
31%
Guyana
31%
Equatorial Guinea
28%
No matching quizzes found
Score Distribution
Percent of People with Each Score
Percentile by Number Answered
Your Score History
You have not taken this quiz